| 000 | 00822nam a22002177a 4500 | ||
|---|---|---|---|
| 005 | 20141119114943.0 | ||
| 008 | 141119s1969 xxua frb 000 0 eng d | ||
| 040 | _aEG-ScBUE | ||
| 082 | 0 | 0 |
_222 _a337.1174927 _bMUS |
| 100 | 1 |
_aMusrey, Alfred G. _936607 |
|
| 245 | 1 | 3 |
_aAn Arab common market : _ba study in inter-Arab trade relations, 1920-67 / _cAlfred G. Musrey. |
| 260 |
_aNew York, United States ; _aLondon : _bFrederick A. Praeger, _c1969. |
||
| 300 |
_axiii, 274 p. : _btables ; _c24 cm. |
||
| 490 | 0 | _aPraeger special studies in international economics and development | |
| 504 | _aBibliography : p. 265-274. | ||
| 651 | 0 |
_aArab countries _xEconomic integration _936608 |
|
| 651 | 0 |
_aArab countries _xCommerce _936421 |
|
| 653 |
_bGGEN _cNovember2014 |
||
| 655 |
_vreading book _934232 |
||
| 942 |
_2ddc _k337.1174927 MUS |
||
| 999 |
_c18649 _d18621 |
||